00385nam a22001337a 450000500170000000800410001704100130005808200120007110000130008324500500009626000480014630000310019465000260022520240920065118.0240724b |||||||| |||| 00| 0 eng d aEnglish  a349 SOU lEnglish  aSouth Africa Law Reports: Appellate Division  aCape Town : bJuta and Company Ltd, c1918  bxiii, 669 pages; c25 cm.  aLegal practice bLaw